Lanean...

കാക്കിയും വര്‍ഗ്ഗീയ കലാപങ്ങളും ഇന്ത്യയില്‍ /

Xehetasun bibliografikoak
Egile nagusia: ഖാലിദി, ഒമര്‍
Beste egile batzuk: Khalidi, Omar, Sadasivan, M. P.
Formatua: Printed Book
Hizkuntza:English
Argitaratua: കോഴിക്കോട് : ഒലിവ്, 2011.
Edizioa:1st ed.
Gaiak:
LEADER 00872nam a22002057a 4500
008 140502b xxu||||| |||| 00| 0 eng d
999 |c 6306  |d 6306 
020 |a 9788192171876 
082 |a 954   |b SAK/HAD 
100 |a ഖാലിദി, ഒമര്‍ 
240 |a Kakkiyum vargeeya kalapangalum Indiayil 
245 |a കാക്കിയും വര്‍ഗ്ഗീയ കലാപങ്ങളും ഇന്ത്യയില്‍ /  |c എം. പി. സദാശിവന്‍ 
250 |a 1st ed. 
260 |a കോഴിക്കോട് :  |b ഒലിവ്,  |c 2011. 
300 |a 241p. 
650 |a History 
700 |a Khalidi, Omar 
700 |a Sadasivan, M. P. 
942 |2 ddc  |c BK 
952 |0 0  |1 0  |2 ddc  |4 0  |6 954_000000000000000_KHASAD  |7 0  |9 9126  |a MAIN  |b MAIN  |d 2014-05-02  |e Olive Publications  |g 180.00  |l 1  |o 954 KHA/SAD  |p 8564  |r 2016-06-16  |s 2016-06-13  |t 1  |w 2014-05-02  |y BK